000 01076cab a2200313 4500
001 ABS54045
008 090401t1995 xxu||||| |||| 00| 0 eng d
035 _a(Sirsi) u8086
041 _aeng
100 _aHarrison, N.
245 _aWho owns the land in Estonia?
260 _c1995
350 _a0
490 _aProfessional Surveyor
_v15(8), November/December 1995, 20-22(3)
520 _aConsiders the problems and eventual benefits of establishing a property market in a former Soviet Union country. Focuses on the case of Estonia, the subject of a study by the Lincoln Institute, who are attempting to develop land records, regulations and taxation in a country in which no one `owned` property under communist rule.
650 _aCOMMUNISM
650 _aEASTERN EUROPE
650 _aESTONIA
650 _aFORMER SOVIET UNION
650 _aLAND OWNERSHIP
650 _aLAND TAX
650 _aMARKET ECONOMY
650 _aPROPERTY TAX
650 _aRESTITUTION
690 _aLAND
690 _aOVERSEAS-EUROPE
942 _n0
948 _c04/03/1997
999 _c4930
_d4930